| 000 | 00695nam a22002057a 4500 | ||
|---|---|---|---|
| 005 | 20160609165945.0 | ||
| 008 | 101026t xxu||||| |||| 00| 0 eng d | ||
| 040 |
_aBUAC _bFr. _cBUC |
||
| 041 | _aFr. | ||
| 100 |
_aAyeni, Ludovic Etienne _910257 |
||
| 245 |
_aLa Stratégie industrielle béninoise face à l'emploi _cPrésenté par Ayeni Ludovic Etienne et Yayi Serge Modeste |
||
| 260 |
_aAbomey-Calavi _bUNB _c1988 |
||
| 300 |
_a74-8p _e30 cm |
||
| 504 | _aComprend bibliogr. | ||
| 630 |
_aSCIENCES ECONOMIQUES _910259 |
||
| 650 |
_aEntreprise : gestion : Bénin _910260 |
||
| 700 |
_aKoty Lambert _cMaitre mémoire _910262 |
||
| 700 |
_aYayi Serge Modeste _cCollab. _910262 |
||
| 942 | _cTHE | ||
| 999 |
_c48048 _d48048 |
||